000 00477nam a2200169 4500
003 SEACOMEC
005 20240805131607.0
008 240208b |||||||| |||| 00| 0 eng d
020 _cRs.275.00
040 _aSEACOMEC
082 _a519.5
_bK45
100 _aKhan, Priyotosh
245 1 _aStatistics: for management, economics and computer/
_cPriyotosh khan
260 _aKolkata
_bEverest
_c2004
650 _aMathematics - Probabilities and applied mathematics
942 _cBOOK
999 _c603
_d603